000
00275nam a22001217a 4500
008
180925b xxu||||| |||| 00| 0 eng d
041
_a
eng
080
_a
574
100
_a
9
101
_a
MJE
245
_a
Principles Of Animal Behavior
_c
Tavolga .W.N
942
_2
udc
_c
BK
999
_c
48441
_d
48441